The importance of being Kennedy
| Main Author: | |
|---|---|
| Format: | Book |
| Published: |
New York :
Harper Perennial ,
2007
|
| Subjects: |
MARC
| LEADER | 00000cam a2200000 7i4500 | ||
|---|---|---|---|
| 001 | 0000123792 | ||
| 005 | 20080903.0 | ||
| 020 | |a 9780007228836 | ||
| 090 | 0 | 0 | |a F |b GRA |
| 100 | 1 | |a Graham, Laurie | |
| 245 | 1 | 4 | |a The importance of being Kennedy |c Laurie Graham |
| 260 | |a New York : |b Harper Perennial , |c 2007 | ||
| 300 | |a 326p. ; |c 20cm. | ||
| 650 | 0 | 0 | |a Fiction |
| 999 | |a 00218929 |b BUKU |c PINJAMAN |e PERPUSTAKAAN KOMUNITI PETALING JAYA | ||